[Event "21. Copenhagen Open  (Politiken Cup)"]
[Site "Copenhagen"]
[Date "1999.07.12"]
[Round "9"]
[White "Hartvig, Ove Weiss"]
[Black "Petersen, Steen"]
[Result "0-1"]
[WhiteElo "2289"]
[BlackElo "2166"]
[PlyCount "78"]
[EventDate "1999.07.03"]
[EventType "swiss"]
[EventRounds "11"]
[EventCountry "DEN"]
[SourceDate "2004.01.01"]

1. e4 e5 2. d4 exd4 3. Qxd4 Nc6 4. Qe3 Nf6 5. Bd2 d6 6. Nc3 Be7 7. Bc4 O-O 8.
O-O-O a6 9. f4 b5 10. Bb3 Na5 11. e5 Nxb3+ 12. axb3 dxe5 13. fxe5 Nd5 14. Nxd5
Qxd5 15. Qg3 Qe4 16. Re1 Qg4 17. Qe3 a5 18. h3 Qe6 19. Ne2 a4 20. b4 Qc4 21.
Qf4 Qa2 22. Nc3 Qa1+ 23. Nb1 a3 24. bxa3 Rxa3 25. Re3 Rxe3 26. Qxe3 Be6 27. Bc3
Qa2 28. Bb2 Bxb4 29. Rd1 Be7 30. Nc3 Qc4 31. g4 b4 32. Ne4 b3 33. Qd3 Qa4 34.
Nf6+ gxf6 35. exf6 Qf4+ 36. Kb1 bxc2+ 37. Kxc2 Bxf6 38. Bxf6 Qxf6 39. Rf1 Qg6
0-1

[Event "21. Copenhagen Open  (Politiken Cup)"]
[Site "Copenhagen"]
[Date "1999.07.12"]
[Round "9"]
[White "Hedman, Erik"]
[Black "Maarup, Michael"]
[Result "1/2-1/2"]
[WhiteElo "2348"]
[BlackElo "2184"]
[PlyCount "86"]
[EventDate "1999.07.03"]
[EventType "swiss"]
[EventRounds "11"]
[EventCountry "DEN"]
[SourceDate "2004.01.01"]

1. d4 d5 2. c4 e6 3. Nf3 c5 4. cxd5 exd5 5. g3 Nc6 6. Bg2 Nf6 7. O-O Be7 8. Nc3
O-O 9. Bg5 cxd4 10. Nxd4 h6 11. Be3 Re8 12. Rc1 Bf8 13. Nxc6 bxc6 14. Na4 Bd7
15. Bc5 Bxc5 16. Nxc5 Bf5 17. Qd2 Qb6 18. b3 Ne4 19. Bxe4 Bxe4 20. Rfe1 Rad8
21. Qd4 Re7 22. Rc3 Bf5 23. e3 Rd6 24. Rec1 Qb5 25. Re1 Qb6 26. Kg2 Rf6 27. f3
Kh7 28. g4 Bc8 29. Rec1 Kg8 30. R1c2 Ba6 31. Rf2 Bc8 32. h3 Kf8 33. Rd2 Re8 34.
e4 dxe4 35. Nxe4 Rfe6 36. Qxb6 axb6 37. Nd6 Re2+ 38. Rxe2 Rxe2+ 39. Kg3 Bd7 40.
a4 Ke7 41. Nc4 b5 42. axb5 cxb5 43. Nb6 Be6 1/2-1/2

[Event "21. Copenhagen Open  (Politiken Cup)"]
[Site "Copenhagen"]
[Date "1999.07.12"]
[Round "9"]
[White "Helin, Mikael"]
[Black "Samuelsen, Carl Eli"]
[Result "0-1"]
[WhiteElo "2200"]
[BlackElo "2060"]
[PlyCount "112"]
[EventDate "1999.07.03"]
[EventType "swiss"]
[EventRounds "11"]
[EventCountry "DEN"]
[SourceDate "2004.01.01"]

1. e4 c6 2. d4 d5 3. e5 Bf5 4. Nc3 e6 5. g4 Bg6 6. Nge2 c5 7. h4 h6 8. f4 Be7
9. Bg2 Bxh4+ 10. Kf1 Be7 11. f5 Bh7 12. Nf4 Qd7 13. Qe2 Nc6 14. dxc5 O-O-O 15.
b4 Nxb4 16. a3 Na6 17. Be3 Nxc5 18. Ncxd5 exd5 19. Nxd5 Bxf5 20. gxf5 Qxf5+ 21.
Bf2 Kb8 22. Rb1 f6 23. Nxe7 Nxe7 24. Qe3 Qxc2 25. Rxb7+ Kc8 26. Qxc5+ Qxc5 27.
Bxc5 Nf5 28. Rh3 Rd1+ 29. Ke2 Rc1 30. Rb5 Rc2+ 31. Kf1 Rd8 32. Bb7+ Kc7 33. Bf3
fxe5 34. Bxa7 Rc1+ 35. Kg2 Rd2+ 36. Be2 Rxe2+ 37. Kf3 Ra2 38. Rc5+ Rxc5 39.
Bxc5 Kc6 40. Bb4 Kd5 41. Kg4 g6 42. Rc3 Rh2 43. Rc5+ Ke4 44. Rc4+ Kd3 45. Rc3+
Kd4 46. Rc7 e4 47. Rd7+ Ke5 48. Re7+ Nxe7 49. Bxe7 Rg2+ 50. Kh3 Ra2 51. Kg3 e3
52. Kf3 e2 53. Kf2 Ke4 54. Ke1 Kd3 55. Bb4 Ra1+ 56. Kf2 Rf1+ 0-1

[Event "21. Copenhagen Open  (Politiken Cup)"]
[Site "Copenhagen"]
[Date "1999.07.12"]
[Round "9"]
[White "Hillarp Persson, Tiger"]
[Black "Peelen, Piet"]
[Result "1-0"]
[WhiteElo "2507"]
[BlackElo "2382"]
[PlyCount "117"]
[EventDate "1999.07.03"]
[EventType "swiss"]
[EventRounds "11"]
[EventCountry "DEN"]
[SourceDate "2004.01.01"]

1. d4 Nf6 2. c4 e6 3. Nc3 d5 4. Bg5 Be7 5. Nf3 O-O 6. e3 h6 7. Bxf6 Bxf6 8. Qd2
c6 9. h4 Nd7 10. g4 g6 11. g5 hxg5 12. hxg5 Bxg5 13. Nxg5 Qxg5 14. O-O-O Kg7
15. Bd3 dxc4 16. Bxc4 Nb6 17. Bd3 Bd7 18. f4 Qe7 19. Ne4 Nd5 20. Ng5 Rh8 21. e4
Nb4 22. Bc4 b5 23. Bb3 f6 24. Nf3 c5 25. Kb1 c4 26. Bc2 Nxc2 27. Qxc2 Bc6 28.
d5 exd5 29. Nd4 Qxe4 30. Rxh8 Rxh8 31. Nxc6 Rh1 32. Qxe4 Rxd1+ 33. Kc2 dxe4 34.
Kxd1 a6 35. Nb8 a5 36. Nc6 a4 37. a3 f5 38. Nd4 Kf6 39. Ke2 g5 40. Ke3 gxf4+
41. Kxf4 b4 42. axb4 c3 43. bxc3 a3 44. b5 a2 45. Nb3 Ke6 46. c4 Kd6 47. b6 Kc6
48. c5 Kb7 49. Ke3 Ka6 50. Kd4 Kb7 51. Na1 Kc6 52. Nc2 Kb7 53. Kc3 f4 54. Kb2
Kc6 55. Kxa2 f3 56. Kb2 Kxc5 57. b7 f2 58. Ne3 Kd4 59. Nf1 1-0

[Event "21. Copenhagen Open  (Politiken Cup)"]
[Site "Copenhagen"]
[Date "1999.07.12"]
[Round "9"]
[White "Hjortskov, Kjeld"]
[Black "Ingolfsdottir, Harpa"]
[Result "1-0"]
[WhiteElo "1655"]
[BlackElo "1495"]
[PlyCount "55"]
[EventDate "1999.07.03"]
[EventType "swiss"]
[EventRounds "11"]
[EventCountry "DEN"]
[SourceDate "2004.01.01"]

1. e4 e6 2. d4 d5 3. Nd2 c5 4. c3 Qb6 5. Ngf3 Nc6 6. exd5 exd5 7. Nb3 cxd4 8.
Nfxd4 Nxd4 9. Nxd4 Bc5 10. Bb5+ Kd8 11. Qe2 Nf6 12. O-O a6 13. Bd3 Bxd4 14.
cxd4 Qxd4 15. Be3 Qb4 16. Rac1 Re8 17. Qc2 Qd6 18. Qc3 b6 19. Qd4 Ke7 20. Bf4
Qe6 21. Qb4+ Kd7 22. Rfe1 Ne4 23. Bxe4 Qf6 24. Bf5+ Re6 25. Qf8 Ra7 26. Qxc8+
Ke7 27. Bxe6 fxe6 28. Bg5 1-0

[Event "21. Copenhagen Open  (Politiken Cup)"]
[Site "Copenhagen"]
[Date "1999.07.12"]
[Round "9"]
[White "Howe, Dennis"]
[Black "Mashiri, Artur"]
[Result "1/2-1/2"]
[WhiteElo "1919"]
[BlackElo "2073"]
[PlyCount "140"]
[EventDate "1999.07.03"]
[EventType "swiss"]
[EventRounds "11"]
[EventCountry "DEN"]
[SourceDate "2004.01.01"]

1. e4 d5 2. exd5 Nf6 3. Nc3 Bg4 4. Be2 h5 5. Bf3 Qd7 6. h3 Bf5 7. d3 Na6 8. a3
O-O-O 9. Nge2 g6 10. Bf4 Bg7 11. Qd2 Ne8 12. Qe3 b6 13. Nd4 Bxd4 14. Qxd4 f6
15. Qc4 Nb8 16. Nb5 Nd6 17. Nxa7+ Kb7 18. Bxd6 exd6 19. Nb5 Rde8+ 20. Kd2 g5
21. g4 Bg6 22. a4 hxg4 23. hxg4 Rxh1 24. Rxh1 f5 25. gxf5 Bxf5 26. Rg1 Qe7 27.
Nd4 Bd7 28. a5 g4 29. Be4 Qg5+ 30. Kc3 Qf6 31. f3 gxf3 32. Bxf3 b5 33. Qa2 c5
34. dxc6+ Bxc6 35. Bxc6+ Nxc6 36. Qd5 Rc8 37. Qxb5+ Ka7 38. Qb6+ Ka8 39. Rg8
Nd8+ 40. Kd2 Qf4+ 41. Ke2 Qh2+ 42. Kd1 Qh5+ 43. Ne2 Qh1+ 44. Qg1 Qb7 45. Qg2 d5
46. Rg7 Qxb2 47. Qxd5+ Nb7 48. Qxb7+ Qxb7 49. Rxb7 Kxb7 50. Nd4 Ka6 51. Nb3 Kb5
52. Kd2 Kb4 53. Nd4 Kxa5 54. c3 Ka4 55. Kc2 Rd8 56. Ne2 Re8 57. Nc1 Rh8 58. d4
Rh3 59. Ne2 Rf3 60. d5 Rf5 61. c4 Kb4 62. Kd3 Rf3+ 63. Kd4 Rf2 64. d6 Rxe2 65.
Kd5 Ra2 66. Kc6 Ra6+ 67. Kd5 Ra5+ 68. Kc6 Rc5+ 69. Kb7 Rh5 70. d7 Rh8 1/2-1/2

[Event "21. Copenhagen Open  (Politiken Cup)"]
[Site "Copenhagen"]
[Date "1999.07.12"]
[Round "9"]
[White "Hvenekilde, Jorgen"]
[Black "Skytte, Rasmus"]
[Result "0-1"]
[WhiteElo "2239"]
[BlackElo "2338"]
[PlyCount "122"]
[EventDate "1999.07.03"]
[EventType "swiss"]
[EventRounds "11"]
[EventCountry "DEN"]
[SourceDate "2004.01.01"]

1. d4 d5 2. c4 dxc4 3. Nf3 Nf6 4. Nc3 a6 5. a4 Bf5 6. e3 e6 7. Bxc4 Bb4 8. O-O
O-O 9. Bd2 c5 10. Qe2 Nc6 11. dxc5 Bxc5 12. Rfd1 Qe7 13. h3 Bg6 14. Qf1 Rfd8
15. Ne2 Ne4 16. Nf4 Bf5 17. Be1 Bd6 18. g4 Bg6 19. Nxg6 hxg6 20. Nd4 Ne5 21.
Be2 Bc5 22. f3 Nf6 23. Rac1 Bxd4 24. Rxd4 Rxd4 25. exd4 Nc6 26. Qf2 Nd5 27. f4
Qf6 28. Rxc6 bxc6 29. Bd2 c5 30. dxc5 Qxb2 31. Bf3 Qa1+ 32. Kg2 Qxa4 33. f5 Qc4
34. fxe6 fxe6 35. Qe1 Re8 36. Be4 Nf6 37. Bxg6 Qd5+ 38. Kh2 Rd8 39. Bf4 Qa2+
40. Kg3 Qa3+ 41. Kh4 Qxc5 42. Qxe6+ Kh8 43. Qxa6 Qe7 44. Qa1 Rd5 45. Kg3 Ne4+
46. Kg2 Ng5 47. Qb2 Ne6 48. Kg3 Nxf4 49. Qb8+ Rd8 50. Qxf4 Rf8 51. Qe4 Qd6+ 52.
Kh4 Qf6+ 53. Kh5 Rd8 54. g5 Qd6 55. Bf5 Rf8 56. Qe6 Qf4 57. Bg4 Qd4 58. Qd7 Qe5
59. Qe6 Qc5 60. Qd7 Qf2 61. Kg6 Rf6+ 0-1

[Event "21. Copenhagen Open  (Politiken Cup)"]
[Site "Copenhagen"]
[Date "1999.07.12"]
[Round "9"]
[White "Jacobsen, Jesper Howalt"]
[Black "Brantzeg, Pal"]
[Result "1-0"]
[WhiteElo "1180"]
[BlackElo "1476"]
[PlyCount "81"]
[EventDate "1999.07.03"]
[EventType "swiss"]
[EventRounds "11"]
[EventCountry "DEN"]
[SourceDate "2004.01.01"]

1. d4 Nf6 2. Nf3 g6 3. g3 Bg7 4. Bg2 d5 5. O-O O-O 6. c3 b6 7. Re1 Bb7 8. Na3
Nbd7 9. Nc2 Ne4 10. Nd2 e5 11. Nxe4 dxe4 12. dxe5 Nxe5 13. b3 c5 14. Bb2 Qc7
15. c4 Nf3+ 16. exf3 Bxb2 17. Rb1 Rad8 18. Qe2 exf3 19. Bxf3 Bc3 20. Red1 Rfe8
21. Ne3 Bd4 22. Bxb7 Qxb7 23. Rd3 Re7 24. Qd2 Rde8 25. Re1 Qf3 26. Qe2 Qe4 27.
Red1 f5 28. Qf1 Re6 29. Nc2 Bg7 30. Qg2 Qe5 31. f4 Qb2 32. Ne3 Qxg2+ 33. Nxg2
Bd4+ 34. Kf1 Re2 35. R1d2 R2e4 36. Rd1 Kf7 37. Re1 Kf6 38. Red1 h6 39. Ne1 Re3
40. Nc2 Rf3+ 41. Rxf3 1-0

[Event "21. Copenhagen Open  (Politiken Cup)"]
[Site "Copenhagen"]
[Date "1999.07.12"]
[Round "9"]
[White "Jensen, Henrik W"]
[Black "Naes, Flovin Tor"]
[Result "1-0"]
[WhiteElo "2098"]
[BlackElo "2222"]
[PlyCount "147"]
[EventDate "1999.07.03"]
[EventType "swiss"]
[EventRounds "11"]
[EventCountry "DEN"]
[SourceDate "2004.01.01"]

1. e4 e5 2. Nf3 Nc6 3. Nc3 Bb4 4. Nd5 Bc5 5. c3 Nf6 6. d3 d6 7. Bg5 Be6 8.
Nxf6+ gxf6 9. Be3 f5 10. exf5 Bxf5 11. d4 exd4 12. Nxd4 Nxd4 13. Bxd4 Qe7+ 14.
Qe2 Bxd4 15. Qxe7+ Kxe7 16. cxd4 Rhg8 17. f3 Be6 18. Kf2 Rg5 19. Rc1 Kd7 20. a3
Rag8 21. g3 Rd5 22. Rd1 c5 23. Bb5+ Kc7 24. dxc5 Rxc5 25. Bd3 h6 26. Rhe1 Rc8
27. Re4 Rh5 28. h4 Rc5 29. Rd4 d5 30. g4 Rg8 31. Ke3 Kd6 32. Kf4 f6 33. Bf5 Bf7
34. h5 Rg7 35. Bg6 Bxg6 36. hxg6 Rxg6 37. Kf5 Rg5+ 38. Kxf6 Rc8 39. Kf7 Re5 40.
f4 Re7+ 41. Kg6 Re6+ 42. Kh5 Rc5 43. b4 Rc3 44. Rxd5+ Kc6 45. R5d3 Rc2 46. Kh4
Rg2 47. Rc1+ Kb6 48. Rcc3 Rg6 49. Rg3 Rh2+ 50. Rh3 Rg2 51. Rcg3 Rf2 52. Kh5 Rf6
53. Rf3 Rg2 54. g5 Re6 55. Rhg3 Rh2+ 56. Kg4 hxg5 57. fxg5 Kc6 58. Rd3 b6 59.
Kf5 Re8 60. g6 Rf8+ 61. Kg5 Rg8 62. Rdf3 Kd6 63. Rf7 a5 64. bxa5 bxa5 65. Rf5
Rhh8 66. Rd3+ Kc6 67. Rxa5 Rh7 68. Ra8 Rhh8 69. Rxg8 Rxg8 70. Kf6 Rf8+ 71. Kg7
Rf1 72. Kg8 Rg1 73. g7 Rh1 74. Rf3 1-0

[Event "21. Copenhagen Open  (Politiken Cup)"]
[Site "Copenhagen"]
[Date "1999.07.12"]
[Round "9"]
[White "Jensen, Jan Kargaard"]
[Black "Hansen, Erik Svaerke"]
[Result "1/2-1/2"]
[WhiteElo "1740"]
[BlackElo "1626"]
[PlyCount "83"]
[EventDate "1999.07.03"]
[EventType "swiss"]
[EventRounds "11"]
[EventCountry "DEN"]
[SourceDate "2004.01.01"]

1. c4 Nf6 2. Nc3 e6 3. g3 d5 4. Bg2 Be7 5. d4 O-O 6. cxd5 exd5 7. Nf3 h6 8. Qc2
c6 9. O-O Be6 10. b3 Nbd7 11. Bb2 Nb6 12. Rad1 Nc8 13. Ne5 Nd6 14. f3 Qc8 15.
e4 Bh3 16. Nxc6 bxc6 17. e5 Bxg2 18. Qxg2 Nf5 19. exf6 Bxf6 20. Qf2 Re8 21. Rd3
Qd7 22. Na4 Qe6 23. Rc1 Rac8 24. Bc3 Qe2 25. Rd2 Qxf2+ 26. Kxf2 Nd6 27. Nc5 Nb5
28. Nd7 Be7 29. Ba5 Bf8 30. a4 Nc7 31. Nxf8 Kxf8 32. Bxc7 Rxc7 33. Rc5 Rb8 34.
Rd3 Ke7 35. Rdc3 Kd6 36. Ke2 f5 37. Kd2 Rb4 38. Rd3 Rxd4 39. Rxc6+ Rxc6 40.
Rxd4 a5 41. Kd3 Kc5 42. Rf4 1/2-1/2

[Event "21. Copenhagen Open  (Politiken Cup)"]
[Site "Copenhagen"]
[Date "1999.07.12"]
[Round "9"]
[White "Jensen, Jannick"]
[Black "Pedersen, Steen"]
[Result "0-1"]
[WhiteElo "1967"]
[BlackElo "1677"]
[PlyCount "52"]
[EventDate "1999.07.03"]
[EventType "swiss"]
[EventRounds "11"]
[EventCountry "DEN"]
[SourceDate "2004.01.01"]

1. e4 d5 2. exd5 Qxd5 3. Nc3 Qa5 4. d4 Nf6 5. Nf3 Bf5 6. Bd3 Bxd3 7. Qxd3 e6 8.
O-O c6 9. Ne5 Qc7 10. f4 Bd6 11. Qg3 O-O 12. f5 Re8 13. Bh6 Bf8 14. fxe6 Rxe6
15. Rf5 Nbd7 16. Raf1 Rae8 17. Bf4 Bd6 18. Nxd7 Qxd7 19. Be5 Be7 20. Ne4 Rxe5
21. Nxf6+ Bxf6 22. dxe5 Bxe5 23. Qb3 Bd4+ 24. R5f2 Bxf2+ 25. Rxf2 Re1+ 26. Rf1
Qd4+ 0-1

[Event "21. Copenhagen Open  (Politiken Cup)"]
[Site "Copenhagen"]
[Date "1999.07.12"]
[Round "9"]
[White "Jessen, Simon Pind"]
[Black "Schmidt, Horst Hubert"]
[Result "1/2-1/2"]
[WhiteElo "1939"]
[BlackElo "1672"]
[PlyCount "100"]
[EventDate "1999.07.03"]
[EventType "swiss"]
[EventRounds "11"]
[EventCountry "DEN"]
[SourceDate "2004.01.01"]

1. d4 Nf6 2. Nf3 e6 3. c4 d5 4. cxd5 exd5 5. Nc3 Be7 6. g3 Bf5 7. Bg2 O-O 8.
O-O Nbd7 9. Bf4 a6 10. Rc1 Rc8 11. Ne5 c6 12. Nd3 Nh5 13. Be3 Re8 14. Na4 Nhf6
15. Nac5 Bxc5 16. Nxc5 Nxc5 17. Rxc5 Qd7 18. Bf4 Bh3 19. f3 Nh5 20. Bd2 Qe6 21.
e4 Bxg2 22. Kxg2 Nf6 23. e5 Nd7 24. Rc3 Qg6 25. Qc2 Nf8 26. Qxg6 hxg6 27. f4
Ne6 28. Rd3 c5 29. dxc5 Rxc5 30. Bc3 d4 31. Be1 Rc2+ 32. Rf2 Rec8 33. Rdd2 Rc1
34. Rfe2 Ra1 35. a3 Rd8 36. Bf2 Rc1 37. Rd3 Rc7 38. Red2 Rcd7 39. Kf3 f5 40. h4
Rd5 41. b4 Kf7 42. Rc2 Ke8 43. Rc4 Ke7 44. Ke2 R8d7 45. Kf3 Rd8 46. Ke2 b5 47.
Rc6 a5 48. Be1 a4 49. Rc1 Rh8 50. Kf3 Rhd8 1/2-1/2

[Event "21. Copenhagen Open  (Politiken Cup)"]
[Site "Copenhagen"]
[Date "1999.07.12"]
[Round "9"]
[White "Johansson, Thomas"]
[Black "Jensen, Kasper Smith"]
[Result "1-0"]
[WhiteElo "2218"]
[BlackElo "1944"]
[PlyCount "129"]
[EventDate "1999.07.03"]
[EventType "swiss"]
[EventRounds "11"]
[EventCountry "DEN"]
[SourceDate "2004.01.01"]

1. e4 e5 2. f4 exf4 3. Nf3 g5 4. h4 g4 5. Ne5 Nf6 6. d4 d6 7. Nd3 Nxe4 8. Bxf4
Qe7 9. Be2 Bg7 10. Nc3 c6 11. Nxe4 Qxe4 12. Qd2 Be6 13. Bxd6 Qxg2 14. O-O-O Qd5
15. Ba3 h5 16. Nf4 Qxa2 17. Qb4 Bf8 18. Qxb7 Bxa3 19. bxa3 Qxa3+ 20. Kd2 Qd6
21. Nxe6 fxe6 22. Rhf1 Qxd4+ 23. Bd3 c5 24. Qxa8 Ke7 25. Qxa7+ Nd7 26. Qa1 g3
27. Qxd4 cxd4 28. Rf3 Rg8 29. Rg1 Rg4 30. Rfxg3 Rxh4 31. Rg7+ Kd6 32. R1g6 Ne5
33. Rh6 Rh2+ 34. Kc1 Rh1+ 35. Kb2 Rh2 36. Kb3 Rh3 37. Rg5 h4 38. Rgh5 Nxd3 39.
cxd3 Rxd3+ 40. Kc4 Rd1 41. Rd5+ Ke7 42. Rxd4 Rc1+ 43. Kd3 Rd1+ 44. Ke3 Re1+ 45.
Kf2 Ra1 46. Re4 Ra6 47. Kg2 h3+ 48. Kxh3 Ra3+ 49. Kg4 Ra6 50. Rh7+ Kf6 51. Rh6+
Kf7 52. Re5 Ke7 53. Kg5 Rc6 54. Rh7+ Kd6 55. Kf6 Rc8 56. Rxe6+ Kd5 57. Rd7+ Kc5
58. Re1 Rf8+ 59. Ke7 Rf2 60. Rc1+ Kb6 61. Rd3 Re2+ 62. Kd6 Rb2 63. Rdd1 Rh2 64.
Rb1+ Ka5 65. Rb8 1-0

[Event "21. Copenhagen Open  (Politiken Cup)"]
[Site "Copenhagen"]
[Date "1999.07.12"]
[Round "9"]
[White "Jorgensen, Carina Eilegaard"]
[Black "Simonsen, Hans Kristian"]
[Result "0-1"]
[WhiteElo "1574"]
[BlackElo "1650"]
[PlyCount "28"]
[EventDate "1999.07.03"]
[EventType "swiss"]
[EventRounds "11"]
[EventCountry "DEN"]
[SourceDate "2004.01.01"]

1. e4 c5 2. Nf3 Nc6 3. d4 cxd4 4. Nxd4 Nf6 5. Nc3 e6 6. a3 Be7 7. Bc4 O-O 8.
O-O d5 9. exd5 exd5 10. Bb3 Bc5 11. Be3 Bb6 12. h3 Re8 13. Re1 Nxd4 14. Ba4 Bd7
0-1

[Event "21. Copenhagen Open  (Politiken Cup)"]
[Site "Copenhagen"]
[Date "1999.07.12"]
[Round "9"]
[White "Jorgensen, Morten"]
[Black "Jensen, John Klaus"]
[Result "1/2-1/2"]
[WhiteElo "1151"]
[BlackElo "1563"]
[PlyCount "31"]
[EventDate "1999.07.03"]
[EventType "swiss"]
[EventRounds "11"]
[EventCountry "DEN"]
[SourceDate "2004.01.01"]

1. e4 e5 2. Nf3 f5 3. Nc3 Nc6 4. d4 exd4 5. Nxd4 Nf6 6. Nxc6 bxc6 7. exf5 d5 8.
Qf3 Bb4 9. Bg5 d4 10. Qxc6+ Bd7 11. Qc4 Qe7+ 12. Be2 dxc3 13. bxc3 Rb8 14. Be3
Bd6 15. Qa6 Qe5 16. Bd4 1/2-1/2

[Event "21. Copenhagen Open  (Politiken Cup)"]
[Site "Copenhagen"]
[Date "1999.07.12"]
[Round "9"]
[White "Karlsen, Arne"]
[Black "Berg, Olaf"]
[Result "0-1"]
[WhiteElo "2022"]
[BlackElo "1530"]
[PlyCount "80"]
[EventDate "1999.07.03"]
[EventType "swiss"]
[EventRounds "11"]
[EventCountry "DEN"]
[SourceDate "2004.01.01"]

1. e4 c5 2. Nf3 d6 3. Bb5+ Bd7 4. Bxd7+ Qxd7 5. O-O Nf6 6. Qe2 Nc6 7. c3 e6 8.
d4 cxd4 9. cxd4 Be7 10. Nc3 O-O 11. Rd1 Rfe8 12. Bg5 d5 13. e5 Ne4 14. Nxe4
dxe4 15. Qxe4 Rad8 16. Rd3 h6 17. Bxe7 Rxe7 18. a3 Qd5 19. Qe3 Red7 20. b4 a5
21. Rb1 axb4 22. axb4 Qa2 23. Rc1 Nxb4 24. Ra3 Qd5 25. g3 Re7 26. Rb3 Nc6 27.
Rc5 Qd7 28. Rcb5 Qc7 29. Qe4 Na5 30. Rb1 Red7 31. Rc5 Nc6 32. Rcb5 Rb8 33. Rc1
Qd8 34. Rc4 Ne7 35. Nd2 Nf5 36. Nb3 Rd5 37. Rxd5 exd5 38. Qxf5 dxc4 39. e6 cxb3
40. Qxf7+ Kh8 0-1

[Event "21. Copenhagen Open  (Politiken Cup)"]
[Site "Copenhagen"]
[Date "1999.07.12"]
[Round "9"]
[White "Kokholm, Daniel"]
[Black "Palo, Davor"]
[Result "0-1"]
[WhiteElo "1892"]
[BlackElo "2141"]
[PlyCount "100"]
[EventDate "1999.07.03"]
[EventType "swiss"]
[EventRounds "11"]
[EventCountry "DEN"]
[SourceDate "2004.01.01"]

1. d4 Nf6 2. Nc3 d5 3. e4 dxe4 4. f3 e3 5. Bxe3 Bf5 6. Bc4 c6 7. Qd2 e6 8. Nge2
Nbd7 9. a3 Be7 10. g4 Bg6 11. h4 h5 12. Nf4 Nf8 13. Nxg6 Nxg6 14. g5 Nd5 15.
Nxd5 exd5 16. Bd3 Bd6 17. Bxg6 fxg6 18. Qd3 Kf7 19. O-O-O Qd7 20. Bg1 Bf4+ 21.
Kb1 Rhe8 22. Bf2 Re6 23. Rde1 Rae8 24. Qc3 Re2 25. Rxe2 Rxe2 26. Be1 Qf5 27.
Qc5 Kg8 28. Bb4 Bg3 29. Qc3 Kh7 30. Qd3 Qxd3 31. cxd3 Rh2 32. Rxh2 Bxh2 33. Be1
Bg1 34. Kc2 Bxd4 35. Bg3 Kg8 36. b3 Kf7 37. a4 Ke6 38. Kd2 b5 39. a5 a6 40. Be1
c5 41. Bg3 Be5 42. Bf2 d4 43. Kc2 Kf5 44. Bg1 Bg3 45. b4 cxb4 46. Kb3 Bxh4 47.
Bxd4 Bxg5 48. Kxb4 Be7+ 49. Kb3 h4 50. Bg1 Bd6 0-1

[Event "21. Copenhagen Open  (Politiken Cup)"]
[Site "Copenhagen"]
[Date "1999.07.12"]
[Round "9"]
[White "Kragh, Niels Kristian"]
[Black "Steindorsson, Sigurour P"]
[Result "1-0"]
[WhiteElo "1813"]
[BlackElo "2052"]
[PlyCount "59"]
[EventDate "1999.07.03"]
[EventType "swiss"]
[EventRounds "11"]
[EventCountry "DEN"]
[SourceDate "2004.01.01"]

1. e4 c5 2. Nf3 d6 3. c3 Nf6 4. Be2 Nxe4 5. Qa4+ Nc6 6. Qxe4 g6 7. d4 Bf5 8.
Qd5 Be6 9. Qg5 cxd4 10. Nxd4 Nxd4 11. cxd4 Bg7 12. Bb5+ Kf8 13. O-O Bxd4 14.
Qh4 Qb6 15. Na3 h5 16. Bc4 Bf5 17. Bb3 Qc5 18. Qf4 e5 19. Qd2 Rc8 20. Qg5 Bd3
21. Qf6 Rh7 22. Bh6+ Ke8 23. Rfc1 e4 24. Rxc5 dxc5 25. Qd6 a6 26. Bg5 f6 27.
Qe6+ Kd8 28. Qg8+ Kc7 29. Qxh7+ Kb8 30. Bf4+ 1-0

[Event "21. Copenhagen Open  (Politiken Cup)"]
[Site "Copenhagen"]
[Date "1999.07.12"]
[Round "9"]
[White "Haagen Larsen, Hans"]
[Black "Pedersen, Kaj Vinding"]
[Result "0-1"]
[WhiteElo "1612"]
[BlackElo "1497"]
[PlyCount "156"]
[EventDate "1999.07.03"]
[EventType "swiss"]
[EventRounds "11"]
[EventCountry "DEN"]
[SourceDate "2004.01.01"]

1. e4 Nf6 2. e5 Nd5 3. d4 d6 4. f4 Bf5 5. Nf3 h6 6. Bd3 Qc8 7. O-O Nb4 8. Bxf5
Qxf5 9. Ne1 d5 10. c3 N4c6 11. Qb3 Qc8 12. Qxd5 e6 13. Qf3 Be7 14. Be3 Qd8 15.
f5 exf5 16. Qxf5 O-O 17. Nd2 Qd7 18. Ne4 Qxf5 19. Rxf5 Nd7 20. Nd3 Rae8 21.
Raf1 a6 22. g4 Nd8 23. g5 g6 24. R5f3 h5 25. Nf6+ Bxf6 26. gxf6 Kh7 27. Nf4 c6
28. Kh1 Ne6 29. Ng2 b5 30. Rg1 Rg8 31. Rh3 Rh8 32. b3 Nb6 33. Bd2 Rd8 34. Rh4
Rd7 35. Ne3 c5 36. Nf5 cxd4 37. cxd4 Nd5 38. Nd6 Nxf6 39. Bb4 Nd5 40. Bc5 Kh6
41. Re4 Ng5 42. Re2 Ne6 43. Rf1 Kg7 44. Ne4 b4 45. Rc1 a5 46. Bd6 h4 47. Nc5
Ra7 48. Rd2 h3 49. Nxe6+ fxe6 50. a3 bxa3 51. Bxa3 Rb7 52. Rd3 Rhb8 53. Rb1 a4
54. b4 Nxb4 55. Rxh3 Nd5 56. Bf8+ Kg8 57. Rxb7 Rxb7 58. Rf3 Rf7 59. Rxf7 Kxf7
60. Ba3 Nf4 61. Bb2 Ke7 62. Kg1 Kd7 63. Kf1 Kc6 64. Ba1 Kb5 65. Ke1 Kb4 66. Kd2
Kb3 67. Ke3 Nd5+ 68. Kd3 Nb4+ 69. Ke4 a3 70. h4 Kc4 71. Kf4 Nc2 72. Ke4 Nb4 73.
Kf4 Nc2 74. d5 Kxd5 75. Kg5 Nxa1 76. Kxg6 Nb3 77. h5 a2 78. h6 a1=Q 0-1

[Event "21. Copenhagen Open  (Politiken Cup)"]
[Site "Copenhagen"]
[Date "1999.07.12"]
[Round "9"]
[White "Larsen, Karsten"]
[Black "Jakobsen, Ole"]
[Result "1/2-1/2"]
[WhiteElo "2281"]
[BlackElo "2398"]
[PlyCount "103"]
[EventDate "1999.07.03"]
[EventType "swiss"]
[EventRounds "11"]
[EventCountry "DEN"]
[SourceDate "2004.01.01"]

1. e4 g6 2. d4 d6 3. Be3 Bg7 4. Nc3 a6 5. f4 b5 6. Bd3 Bb7 7. Nf3 Nd7 8. e5 e6
9. Ne4 Nb6 10. O-O f5 11. Nf2 Ne7 12. b3 Nbd5 13. Bd2 dxe5 14. Nxe5 O-O 15. Re1
b4 16. Bc4 Bxe5 17. Rxe5 Bc8 18. Nd3 Nc6 19. Bxd5 exd5 20. Re1 a5 21. Be3 Be6
22. Bf2 Bf7 23. Qd2 Qf6 24. Ne5 Nxe5 25. fxe5 Qe7 26. Be3 Be6 27. Bg5 Qd7 28.
Bf6 Rfc8 29. Qh6 c5 30. Re3 cxd4 31. Rg3 Qf7 32. h4 Rc3 33. Rg5 f4 34. Rf1 Rg3
35. Rxg3 fxg3 36. Qf4 Rc8 37. Qxg3 Rxc2 38. Qd3 Qc7 39. Qb5 Qc8 40. Qb6 d3 41.
Bg5 h6 42. Bxh6 d2 43. Kh2 Kh7 44. Bg5 Rc1 45. Rxc1 dxc1=Q 46. Bxc1 Qxc1 47.
Qxe6 Qf4+ 48. Kh3 d4 49. Qe7+ Kh6 50. e6 Qf5+ 51. Kh2 Qe5+ 52. Kh3 1/2-1/2

[Event "21. Copenhagen Open  (Politiken Cup)"]
[Site "Copenhagen"]
[Date "1999.07.12"]
[Round "9"]
[White "Larsen, Vagn"]
[Black "Hogh, Sidsel T"]
[Result "1-0"]
[WhiteElo "1465"]
[BlackElo "1150"]
[PlyCount "85"]
[EventDate "1999.07.03"]
[EventType "swiss"]
[EventRounds "11"]
[EventCountry "DEN"]
[SourceDate "2004.01.01"]

1. e4 d5 2. exd5 Qxd5 3. Nc3 Qa5 4. g3 Nf6 5. Bg2 c6 6. Nf3 Bf5 7. O-O e6 8. d3
Bb4 9. Bd2 O-O 10. a3 Bxc3 11. Bxc3 Qd8 12. Qd2 Nbd7 13. Nh4 Bg6 14. Nxg6 hxg6
15. Rfe1 Nd5 16. Ba5 b6 17. Bc3 Nxc3 18. Qxc3 Rc8 19. Re4 Qf6 20. d4 c5 21.
dxc5 Qxc3 22. bxc3 Rxc5 23. Rd4 Rd8 24. Rad1 Rc7 25. Bf1 Kf8 26. Bb5 Ke7 27. c4
Rb7 28. Kg2 Rc7 29. Kf3 Ne5+ 30. Ke4 Rxd4+ 31. Rxd4 Nc6 32. Rd3 Nd8 33. f4 Nb7
34. Kd4 Rc8 35. Kc3 Rd8 36. Kb4 Nc5 37. Rxd8 Kxd8 38. Bc6 Ke7 39. a4 a5+ 40.
Kb5 Kd6 41. Be8 f6 42. Kxb6 Nxa4+ 43. Bxa4 1-0

[Event "21. Copenhagen Open  (Politiken Cup)"]
[Site "Copenhagen"]
[Date "1999.07.12"]
[Round "9"]
[White "Larusdottir, Aldis Run"]
[Black "Arngrimsson, Dagur"]
[Result "0-1"]
[WhiteElo "1350"]
[BlackElo "1725"]
[PlyCount "72"]
[EventDate "1999.07.03"]
[EventType "swiss"]
[EventRounds "11"]
[EventCountry "DEN"]
[SourceDate "2004.01.01"]

1. d4 d5 2. c4 e6 3. Nc3 Nf6 4. e3 c6 5. Qb3 Bd6 6. Nf3 O-O 7. Bd3 Nbd7 8. O-O
Qc7 9. cxd5 exd5 10. Qc2 Re8 11. e4 dxe4 12. Nxe4 Nxe4 13. Bxe4 Nf6 14. Bf5 Qa5
15. Bxc8 Raxc8 16. Qd2 Qd5 17. Qg5 Re2 18. Qxd5 Nxd5 19. Re1 Rce8 20. Rxe2 Rxe2
21. Kf1 Rc2 22. b3 Nc3 23. a4 Ne4 24. Be3 Rb2 25. Ng5 Nxg5 26. Bxg5 Rxb3 27.
Re1 f6 28. Bd2 Kf7 29. Re3 Rb2 30. Ke1 Bf4 31. Rd3 Bxd2+ 32. Rxd2 Rxd2 33. Kxd2
Ke6 34. Kc3 Kd5 35. f3 a5 36. g3 b5 0-1